Central Library OPAC University of Rajshahi

Personality measurement : (Record no. 29177)

MARC details
000 -LEADER
fixed length control field 00750nam a2200253 a 4500
001 - CONTROL NUMBER
control field 29177
003 - CONTROL NUMBER IDENTIFIER
rucl marc code BD-RjUL
005 - DATE AND TIME OF LATEST TRANSACTION
control field 20211209051400.0
008 - FIXED-LENGTH DATA ELEMENTS--GENERAL INFORMATION
fixed length control field 140402s1967 ilu 001 0 eng d
035 ## - SYSTEM CONTROL NUMBER
System control number (BD-RjUL)29262
040 ## - CATALOGING SOURCE
Original cataloging agency DLC
Language of cataloging eng
Transcribing agency DLC
Modifying agency BD-RjUL
041 ## - LANGUAGE CODE
Language code of text/sound track or separate title eng
082 00 - DEWEY DECIMAL CLASSIFICATION NUMBER
Classification number 155.28
Author mark and year KLP 1967
100 1# - MAIN ENTRY--PERSONAL NAME
Personal name Kleinmuntz, Benjamin.
9 (RLIN) 89074
245 10 - TITLE STATEMENT
Title Personality measurement :
Remainder of title an introduction /
Statement of responsibility, etc. Benjamin Kleinmuntz.
260 ## - PUBLICATION, DISTRIBUTION, ETC. (IMPRINT)
Place of publication, distribution, etc. Homewood, Ill :
Name of publisher, distributor, etc. Dorsey Press,
Date of publication, distribution, etc. c1967.
300 ## - PHYSICAL DESCRIPTION
Pagination xiii, 463 p. ;
Size 24 cm.
504 ## - BIBLIOGRAPHY, ETC. NOTE
Bibliography, etc Bibliography: p.399-445
Bibliography, etc Includes index.
650 #0 - SUBJECT ADDED ENTRY--TOPICAL TERM
Topical term or geographic name as entry element Personality assessment.
9 (RLIN) 5570
Topical term or geographic name as entry element Psychometrics.
9 (RLIN) 5211
830 #0 - SERIES ADDED ENTRY--UNIFORM TITLE
Uniform title Dorsey series in psychology
942 ## - ADDED ENTRY ELEMENTS (KOHA)
Source of classification or shelving scheme Dewey Decimal Classification
Koha item type Books
Holdings
Lost status Source of classification or shelving scheme Damaged status Not for loan Collection code Permanent Location Current Location Shelving location Date acquired Source of acquisition Cost, normal purchase price Total Checkouts Full call number Date last seen Copy number Koha item type
  Dewey Decimal Classification     Non-fiction Central Library, University of Rajshahi Central Library, University of Rajshahi   06/08/1971 Zeitlinger 106.00   155.28 KLP 1967 02/04/2014 C-2 Books
  Dewey Decimal Classification   Added to bundle Non-fiction Central Library, University of Rajshahi Central Library, University of Rajshahi Reading Room 06/08/1971 Zeitlinger 106.00   155.28 KLP 1967 03/04/2014 C-1 Books